000 01289nam a22003617a 4500
003 CHAP
005 20220329141015.0
008 971013s1996 r 00010 d
010 _a61216
011 _a62188
035 _a66362
040 _cCHAP
090 _aTesis
100 0 0 _aGómez Vázquez, Jesús.
_949940
245 _aCuantificación de daños por enfermedades y plagas en granos de maíz (Zea mays L.) cacahuacintle en la cosecha
260 _aChapingo, Méx. :
_bEl autor,
_c1996
300 _a98 h.
_b; gráfs.
502 _aTesis (Ing. Agr. Esp. en Fitotecnia) -- UACH. Departamento de Fitotecnia
590 _aALEPH
_b10
_c20130110
_lUCH01
_h1341
590 _aBATCH-UPD
_b10
_c20130110
_lUCH01
_h0632
590 _aBATCH-UPD
_b10
_c20130410
_lUCH01
_h0315
590 _aBATCH-UPD
_b10
_c20130914
_lUCH01
_h1550
590 _aCONVERSION
_b10
_c20130109
_lUCH01
_h1333
650 1 4 _aHongos fitopatógenos.
_956132
650 1 4 _aMaíz cacahuacintle.
_971105
650 1 4 _aMaíz
_xEnfermedades por hongos.
_970941
650 1 4 _aMaíz
_xPlagas.
_971034
650 1 4 _aMaíz
_xVariedades resistentes a enfermedades.
_971082
901 _aBK
942 _cFOLL
949 _bBC
_cTES
_d-151542
_eTS1
_h29418
_i66362
_si
949 _bBC
_cTES
_d33724000621199
_eTS2
_fc.2
_h29419
_i66362
_si
999 _c61216
_d61216